01594nam0a22003131 4500001003100000005001700031035002600048100004100074101000800115102000700123105001800130200027600148210006600424215002700490225011400517300024300631300003100874320003300905606004600938606005700984686002101041686002101062700004401083701004201127701004101169801002201210801002301232852002501255RU\INFOCOMM_322\NLR\500010119220250613104900.0 a(NLR Aleph) 009515209 a20121211d1986 |||y0rusy50 ca0 aeng aRU ay z |||||1 aQCD suggested high-energy asymptotics of the diffraction proton-proton scattering and the cosmic ray dataeSubmitted to All-Union school on inelastic hadron interactions beyond accelerator energies (Nor-Amberd, 1985)fB. Z. Kopeliovich, N. N. Nikolaev, I. K. Potashnikova aДубнаcОбъед. ин-т ядер. исслед.d1986 a24 с.cил.d22 см1 aОбъединенный институт ядерных исследований, ДубнаvЕ2-86-125 aНа 3-й с. обл.: Дифракционное рассеяние адронов и ядер в рамках представлений КХД / Копелиович Б. З., Николаев Н. Н., Поташникова И. К. aРез. на рус. яз. aБиблиогр.: с. 23-240 aАдроныxРассеяние2nlr_sh10 aАтомное ядроxРассеяние2nlr_sh1 aВ382.1452rubbk aВ383.5192rubbk 1aKopeliovičbB. Z.gBoris Zinov'evič 1aNikolaevbN. N.gNikolaj Nikolaevič 1aPotašnikovabI. K.gIrina Karlovna 1aRUbNLRc20121211 0aRUbINFOCOMMgPSBO aNLRjФз01 Д-6/408